| 000 | 00515nam a2200169Ia 4500 | ||
|---|---|---|---|
| 999 |
_c21749 _d21749 |
||
| 003 | OSt | ||
| 005 | 20200612113213.0 | ||
| 008 | 190216s9999||||xx |||||||||||||| ||und|| | ||
| 020 | _a9788183877503 | ||
| 040 | _coclc | ||
| 082 |
_a148 _bPAN/R |
||
| 100 |
_aPandey, Brijendra _92826 |
||
| 245 | 0 |
_aRe-Membering Tradition A K Coomaraswamy And A K Saran / _cBrijendra Pandey |
|
| 260 |
_bSerials Publications, _c2016. _aNew Delhi: |
||
| 300 | _a146p | ||
| 942 |
_cBK _2ddc _h148 _iPAN/R _k148 _mPAN/R |
||